| 000 | 01329cam a2200229 4500 | ||
|---|---|---|---|
| 001 | WB3904-12 | ||
| 008 | 030130n2003 000 0 eng u | ||
| 035 | _a(Sirsi) u121184 | ||
| 245 | _aNo halt to greenfield housing growth | ||
| 260 | _c2003 | ||
| 490 |
_aCPRE Press Release _v22 January 2003, (3) |
||
| 520 | _aThe Council for the Protection of Rural England (CPRE) has revealed in its latest survey of existing and emerging county structure plans proposals for greenfield housing development in England covering more than 431sq km. Councils are willing to earmark greenfield sites despite government policy prioritising the use of urban brownfield sites. CPRE is calling on the government to increase its national brownfield housing target from 60% to 75%. Greenfield housing hot spots map http://www.cpre.org.uk/resources/pub/PDFs/planning/greenfield-housing-hotspots.pdf ; Greenfield housing allocation table http://www.cpre.org.uk/resources/pub/PDFs/planning/county-structure-plans-table.pdf http://www.cpre.org.uk/press/rel2003/02-03.htm | ||
| 590 | _aWB | ||
| 650 | _aGREENFIELD SITES | ||
| 650 | _aBROWNFIELD SITES | ||
| 650 | _aSTRUCTURE PLANS | ||
| 650 | _aLOCAL AUTHORITIES | ||
| 650 | _aCPRE | ||
| 650 | _aCOUNCIL FOR THE PROTECTION OF RURAL ENGLAND | ||
| 690 | _aHOUSING-DEVELOPMENT | ||
| 942 | _n0 | ||
| 999 |
_c72011 _d72011 |
||